| 000 | 00471nam a2200181Ia 4500 | ||
|---|---|---|---|
| 003 | GCL | ||
| 008 | 140319s9999 xx 000 0 eng d | ||
| 040 |
_aGCL / _cGCL |
||
| 082 | 0 | 4 |
_a658.5 _bQ C |
| 100 | 1 | _aQUELCH, JOHN A. | |
| 245 | 1 | 0 |
_aCASES IN PRODUCT MANAGEMENT / _cQUELCH, JOHN A. |
| 260 |
_a[S.N] : _bIRWIN ، _c1995 |
||
| 300 | _a562 P | ||
| 650 | 0 | 4 | _aCASE STUDIES |
| 650 | 0 | 4 | _aPRODUCTION MANAGEMENT |
| 650 | 0 | 4 | _aNEW PRODUCTS - MARKETING |
| 942 |
_2ddc _cBK |
||
| 999 |
_c11656 _d11656 |
||